Carta pastoral del... obispo de Madrid-Alcalá con motivo de la Cuaresma (Registro nro. 158462)

Detalles MARC
000 -LEADER
campo de control de longitud fija 00748nam a22001815i 4500
001 - NÚMERO DE CONTROL
campo de control 158462
003 - IDENTIFICADOR DE NÚMERO DE CONTROL
campo de control ES-MaACL
005 - FECHA Y HORA DE LA ÚLTIMA TRANSACCIÓN
campo de control 20230906211147.0
008 - DATOS DE LONGITUD FIJA--INFORMACIÓN GENERAL
campo de control de longitud fija 940202s1889 sp |||| | spa d
040 ## - FUENTE DE CATALOGACIÓN
Centro catalogador/agencia de origen CAM
Lengua de catalogación spa
110 1# - ENTRADA PRINCIPAL--NOMBRE DE ENTIDAD CORPORATIVA
Nombre de entidad corporativa o nombre de jurisdicción como elemento de entrada Sancha, Ciriaco-María (
Fecha del congreso o de la firma del tratado 1833-1909)
9 (RLIN) 222957
245 10 - MENCIÓN DEL TÍTULO
Título Carta pastoral del... obispo de Madrid-Alcalá con motivo de la Cuaresma
Resto del título : acerca de las malas lecturas.
260 ## - PUBLICACIÓN, DISTRIBUCIÓN, ETC.
Lugar de publicación, distribución, etc. [Madrid :
Nombre del editor, distribuidor, etc. s.n.,
Fecha de publicación, distribución, etc. 1889] (
Fabricante Tip. de los Huérfanos)
300 ## - DESCRIPCIÓN FÍSICA
Extensión 45 p. ;
Dimensiones 23 cm.
650 #4 - PUNTO DE ACCESO ADICIONAL DE MATERIA--TÉRMINO DE MATERIA
Término de materia o nombre geográfico como elemento de entrada Libros y lecturas-
Subdivisión general Aspectos religiosos-
-- Iglesia Católica.
9 (RLIN) 151834
852 ## - LOCALIZACIÓN
Ubicación ES-MaACL
Número de control de estantería T-534-F-9
Nota libre -- Enc. hol. conservando la cub. original
-- -- Enc. en un vol. facticio
Encuadernación -- Edic.: Pastoral fechada en 1889
Existencias
Estatus retirado Estado de pérdida Estado de daño No para préstamo Colección Biblioteca de origen Biblioteca actual Ubicación en estantería Fecha de adquisición Total de préstamos Signatura topográfica completa Código de barras Visto por última vez Precio de reemplazo Tipo de ítem Koha
        Colección de folletos Biblioteca del Ateneo de Madrid Biblioteca del Ateneo de Madrid Depósito folletos 17/01/2008   T-534-F-9 1165854 23/02/2023 23/02/2023 Folleto